000 01349nam0a22003491 4500
001 RU\NLR\Evr\164
005 20251202160538.0
035 _a(NLR Aleph) 011416577
090 _a11587515
_c11587515
100 _a20060711d1927 u y0rusy50 ca
101 0 _ayid
102 _aRU
105 _aa |||||||||
200 1 _6a01
_7ba
_aMatematisher oyfgaber
_eFarn 3-ten lernyor
_fY. Dvorkin
210 _6a01
_aMoskve
_cTsentraler felker-farlag fun P.S.S.R.
_d1927
_7ba
210 _6a01
_9z02
_aמאָסקווע
_cצענטראלער פעלקער-פארלאע פון פססר
_d1927
210 _9z02
_aМосква
_cЦентрнациздат СССР
_d1927
_7ca
215 _a121 с.
_cил.
_d25 см.
510 1 _6a01
_aמאטעמאטישער אויפגאבער
_eפארן 3-טען לערניאָר
_fי. דוואָרקין
541 1 _aМатематический задачник
_eДля 3-го года обучения
_zrus
700 1 _6a01
_aДворкин
_bИ.
_3RU\NLR\AUTH\7951009
_4070
_7ca
790 1 _6a01
_aDvorkin
_bI.
_4070
_7ba
790 1 _6a01
_aדוואָרקין
_b
_4070
801 0 _aRU
_bNLR
_c20060711
_gpsbo
801 0 _aRU
_bNLR
_gPSBO
801 1 _aRU
_bNLR
_c20060711
_2rusmarc
801 2 _aRU
_bNLR
_c20061231
_2rusmarc
852 _aNLR
_bОЛСАА/идиш
_j4-118
942 _cBOOK
980 _aNB
980 1 _aIDISH